Представление документа в формате MARC21

Поле Инд. ПП Название Значение
Тип записи a
Библиографический уровень b
001 Контрольный номер RU/IS/BASE/372782678
005 Дата корректировки 20200601191424.0
008 Кодируемые данные 20111024
084 a Индекс другой классификации/Индекс ББК 67.022.14; 67.518.1(2Рос); 67.401.02
100 1_ a Автор Южаков В. Н.
q Полное имя Южаков Владимир Николаевич
245 a Заглавие Федеральный закон "Об антикоррупционной экспертизе нормативных правовых актов и проектов нормативных правовых актов": гипотеза оценки регулирующего воздействия
520 a Аннотация Федеральный закон стал законодательным оформлением поставленной Президентом России еще в 2004 году задачи очищения российского законодательства от содержащихся в нем корней (предпосылок) коррупции. Тогда же был определен механизм решения этой задачи: внедрение целенаправленной и систематической антикоррукционной экспертизы законодательства.
650 a Основная рубрика административное право
a Основная рубрика криминология
a Основная рубрика право
a Основная рубрика теория права
653 a Ключевые слова Об антикоррупционной экспертизе нормативных правовых актов и проектов нормативных правовых актов (закон)
a Ключевые слова антикоррупционная экспертиза
a Ключевые слова борьба с коррупцией
a Ключевые слова государственные служащие
a Ключевые слова коррупционная преступность
a Ключевые слова коррупция
a Ключевые слова правовая экспертиза
a Ключевые слова преступления против государственной власти
a Ключевые слова Россия
a Ключевые слова федеральное законодательство
a Ключевые слова экспертиза нормативно-правовых актов
773 t Заглавие источника Вопросы государственного и муниципального управления
d Дата издания источника 2009
g Прочая информация № 3. - С. 5 - 16
w Контрольный № источника RU/IS/BASE/309528796
901 t Тип документа b